书目信息 |
| 题名: |
排球规则问答
|
|
| 作者: | 陈招娣 | |
| 分册: | ||
| 出版信息: | 人民体育出版社 1997.10 |
|
| 页数: | 123页 | |
| 开本: | 32开 | |
| 丛书名: | ||
| 单 册: | ||
| 中图分类: | G842.4-44 | |
| 科图分类: | ||
| 主题词: | 球类运动 | |
| 电子资源: | ||
| ISBN: | 7-5009-1490-3 | |
| 000 | 00529nam0 2200193 45 | |
| 001 | 0308271047 | |
| 005 | 20030827105652.0 | |
| 010 | @a7-5009-1490-3@dRMB6.50 | |
| 100 | @a20030827d1997 km y0chiy0120 ea | |
| 101 | @achi | |
| 105 | @a z 000yy | |
| 200 | 1 | @a排球规则问答@Apai qiu gui ze wen da@f陈招娣@Fchen zhao di |
| 210 | @c人民体育出版社@d1997.10 | |
| 215 | @a123页@c无图表@d32开 | |
| 606 | 0 | @a球类运动 |
| 690 | @aG842.4-44@v3 | |
| 701 | 0 | @a陈招娣@Achen zhao di |
| 801 | @aCN@b@c20030827 | |
| 905 | @aBZT@dG842.4-44@e64 | |
| 排球规则问答/陈招娣.-人民体育出版社,1997.10 |
| 123页:无图表;32开 |
| ISBN 7-5009-1490-3:RMB6.50 |
| ● |
| 相关链接 |
|
|
|
正题名:排球规则问答
索取号:G842.4-44/64
 
预约/预借
| 序号 | 登录号 | 条形码 | 馆藏地/架位号 | 状态 | 备注 |
| 1 | 82026 | 200124837 | 中心书库北库/ 北库026架A面5列5层55/ [索取号:G842.4-44/64] | 在馆 | |
| 2 | 82027 | 200124926 | 中心书库北库/ 北库025架B面1列1层60/ [索取号:G842.4-44/64] | 在馆 | |
| 3 | 82028 | 200124846 | 中心书库北库/ 北库026架A面5列5层54/ [索取号:G842.4-44/64] | 在馆 | |
| 4 | 82030 | 200124917 | 中心书库北库/ 北库025架B面1列1层61/ [索取号:G842.4-44/64] | 在馆 |